000 00381 a2200157 4500
001 71875
020 _a8530503325
040 _cAnchieta - Colégio São Paulo
100 _aMurray, Roseana
240 1 0 _aPequenos contos de leves assombros
_lpor
245 1 0 _aPequenos contos de leves assombros
300 _a61
362 0 _a2003
650 4 _aLiteratura infantil
942 _cBK
999 _c71875
_d71875